Dean Jones' cricket tips: (Record no. 151035)

MARC details
000 -LEADER
fixed length control field 00599nam a22001817a 4500
005 - DATE AND TIME OF LATEST TRANSACTION
control field 20181116123557.0
010 ## - LCCN (DPL NO)
LC control number ENG-122549
020 ## - INTERNATIONAL STANDARD BOOK NUMBER
International Standard Book Number 9789386224668
Terms of availability 350.00.00
035 ## - SYSTEM CONTROL NUMBER
System control number EN-106081
037 ## - SOURCE OF ACQUISITION
Source of stock number/acquisition DBAD/PUB.
082 ## - DEWEY DECIMAL CLASSIFICATION NUMBER
Classification number 796.358
100 ## - MAIN ENTRY--PERSONAL NAME
Personal name Spooner, John
245 ## - TITLE STATEMENT
Title Dean Jones' cricket tips:
Statement of responsibility, etc by John Spooner
Remainder of title (the things they don't teach you at the academy) /
260 ## - PUBLICATION, DISTRIBUTION, ETC. (IMPRINT)
Place of publication, distribution, etc Chennai
Name of publisher, distributor, etc Westland Publications Ltd.
Date of publication, distribution, etc 2016
270 ## - ADDRESS
Address 61, II Floor, Silverline Building, Alapakkam Main Road, Madurayoyal,
City Chennai
Postal code 600095
300 ## - PHYSICAL DESCRIPTION
Extent 85p.
Other physical details ill.
Dimensions 17cm.(pbk)
942 ## - ADDED ENTRY ELEMENTS (KOHA)
Source of classification or shelving scheme Dewey Decimal Classification
Item type English Books
Call number suffix SPO
Holdings
Withdrawn status Lost status Not for loan Collection code Home library Current library Date acquired Source of acquisition Cost, normal purchase price Full call number Barcode Copy number Cost, replacement price Koha item type
    Not For Loan Non-fiction D.B.Act.Division Bawana 11/04/2018 DBAD/PUB 350.00 796.358 SPO EN-106081 1 350.00 English Books

© Delhi Public Library
Hit Counter
free hit counter